00305nam a2200109 a 4500008004100000050001900041100002200060245004200082260004000124300002200164350000900186120416s1968 ||||||||||||||||| || u aTK 7868.D5 Wic aWickes, William E10aLogic design with integrated circuits aNew YorkbJohn Wiley and Sonsc1968 axiii, 249p. : ill a0.00